| 000 | 00493nam a2200181Ia 4500 | ||
|---|---|---|---|
| 999 |
_c22296 _d22296 |
||
| 003 | OSt | ||
| 005 | 20200215094409.0 | ||
| 008 | 190216s9999||||xx |||||||||||||| ||und|| | ||
| 040 | _coclc | ||
| 082 |
_a923.1 _bBAL/T |
||
| 100 |
_aBalakrishnan, P K _91791 |
||
| 245 | 0 |
_aTippu Sultan / _cP K Balakrishnan |
|
| 250 | _a3rd ed. | ||
| 260 |
_bAl-Huda Book Stall, _c1989. _aCalicut: |
||
| 300 | _a250p | ||
| 650 | _xHistory | ||
| 942 |
_cBK _2ddc _h923.1 _iBAL/T _k923.1 _mBAL/T |
||